Statistics for Big East Teams Quiz

Click here to take the quiz!

General Stats

  • This quiz has been taken 34 times
  • The average score is 8 of 10

Answer Stats

Hint Answer % Correct
HoyasGeorgetown
96%
BluejaysCreighton
91%
WildcatsVillanova
87%
BulldogsButler
78%
Red StormSt. John's
78%
PiratesSeton Hall
78%
Golden EaglesMarquette
74%
FriarsProvidence
65%
MusketeersXavier
65%
Blue DemonsDePaul
61%

Score Distribution

Percentile by Number Answered

Percent of People with Each Score

Your Score History

You have not taken this quiz